Floriculture In India (Record no. 89)

MARC details
000 -LEADER
fixed length control field 00369nam a22001457a 4500
020 ## - INTERNATIONAL STANDARD BOOK NUMBER
International Standard Book Number 81-7023-057-8
041 ## - LANGUAGE CODE
Language code of text/sound track or separate title ENG
100 ## - MAIN ENTRY--PERSONAL NAME
Personal name G.S Randhawa
245 ## - TITLE STATEMENT
Title Floriculture In India
260 ## - PUBLICATION, DISTRIBUTION, ETC. (IMPRINT)
Place of publication, distribution, etc New Delhi
Name of publisher, distributor, etc Allied Publishers Private Limited
Date of publication, distribution, etc 2019
300 ## - PHYSICAL DESCRIPTION
Extent 656
650 ## - SUBJECT ADDED ENTRY--TOPICAL TERM
Topical term or geographic name as entry element Agronomi /Horticulture
700 ## - ADDED ENTRY--PERSONAL NAME
Personal name A. Mukhopadhyay
856 ## - ELECTRONIC LOCATION AND ACCESS
Uniform Resource Identifier Agronomi /Horticulture

No items available.

Contact Us: College of Agricultural Engineering and Technology, Dapoli, Dist.- Ratnagiri
Website: https://dbskkv.org Email: caetlibrary2015@gmail.com